[Event "ROM-ch U10 Girls"]
[Site "Calimanesti Caciulata"]
[Date "2019.04.20"]
[Round "7.20"]
[White "Cojocaru, Alessia Mihaela"]
[Black "Puscatu, Iustinia Andreea"]
[Result "1/2-1/2"]
[WhiteElo "1001"]
[BlackElo "1001"]
[PlyCount "33"]
[EventDate "2019.04.15"]
[EventType "swiss"]
[EventRounds "9"]
[EventCountry "ROU"]
[SourceTitle "EXT 2024"]
[Source "ChessBase"]
[SourceDate "2023.10.10"]
[SourceVersion "1"]
[SourceVersionDate "2023.10.10"]
[SourceQuality "1"]

1. e4 c5 2. Bc4 e6 3. Nc3 a6 4. a4 Qc7 5. Nf3 Nc6 6. d3 d6 7. 0-0 Nf6 8. h3 Be7 9. d4 Bd7 10. d5 exd5 11. Nxd5 Ne5 12. Nxe5 dxe5 13. Re1 0-0 14. Qf3 Rfe8 15. Qg3 g6 16. Bh6 Nh5 17. Qf3 1/2-1/2